Personnages de Pirates des Caraïbes par images - Statistiques

Statistiques générales
  • Ce quiz a été pris 1 521 fois
  • Le résultat moyen est 12 sur 24
Statistiques - réponses
Par images Réponse % Correct
Jack Sparrow
100%
Elizabeth Swann
95%
William Turner
93%
Hector Barbossa
92%
Davy Jones
79%
Bill Turner
76%
Barbe-Noire / Edward Teach
70%
Joshamee Gibbs
67%
Armando Salazar
66%
Tia Dalma (Calypso)
65%
James Norrington
56%
Syrena
56%
Cutler Beckett
42%
Angelica Teach
36%
Henry Turner
32%
Cotton
29%
Edward Teague Sparrow
29%
Carina Smyth
28%
Ragetti
27%
Pintel
24%
Marty
17%
Philip Swift
16%
Weatherby Swann
11%
Ian Mercer
10%
Aucun quiz correspondant
Distribution des résultats
% des personnes avec chaque résultat
Percentile par nombre de réponses
Votre historique - résultats
Vous n’avez pas pris ce quiz